000 00552nam a2200253Ia 4500
005 20260401122343.0
008 008 250103s9999 xx 000 0 eng d
037 _aTB
040 _aEDL
040 _beng
040 _cEDL
041 _2eng
041 _aeng
084 _a370.1 ADA
084 _qEDL
245 0 _aEducational Writings of John Locke
260 _aCambridge
260 _bCambridge University Press
300 _a272p
942 _cTB
942 _h370.1 ADA
999 _c1846727
_d1846727